1218 1778 1140 1514 1437 1567 1100 1709 1239 1887 1916 1463 1646 1060 1250 1441 1983 1032 1967 1787 1477 1781 1010 1514 1908 1081 1111 1020 1874 1747 1117 1592 1407 1222 1171 1778 1363 1225 1046 1622 1139 1778 1247 1007 1880 1245 1943 1096 1461 1724 1327 1280 1058 1063 1245 1059 1389 1634 1636 1759 1396 1512 1841 1689 1927 1934 1913 1945 1720 1075 1694 1348 1973 1721 1624 1123 1483 1359 1242 1625 1459 1422 1773 1342 1375 1456 1553 1152 1787 1134 1353 1430 1892 1159 1836 1303 1343 1666 1092 BCNSPRNW ULIB Ver.6.0+V

เปลี่ยนเป็นภาษาไทย

Change to English
 แสดงรายละเอียดบรรณานุกรม
  กลับหน้าหลัก

Brief Record : Get Marc (ISO 2709) : E-mail record : QR code < ปิดหน้าต่าง
LEADER : 00000nam 2200000uu 4500
001    13399111948
003     ULIB
008    110712s2546||||th 000 0 tha d
020    9748212742
050  4 DS589.C6^bก278ช 2546
100 0  กฤษกร วงศ์กรวุฒิ
245 10 ชลบุรี/^cกฤษกร วงศ์กรวุฒิ
260    กรุงเทพฯ :^bสารคดี,^c[2546]
300    184 หน้า :^bภาพประกอบ, แผนที่ :^c21 ซม.
490 0  "นายรอบรู้" นักเดินทาง
651  7 ไทย (ภาคตะวันออก)^xความเป็นอยู่และประเพณี
651  7 ไทย (ภาคตะวันออก)^xภูมิประเทศและการท่องเที่ยว
651  7 ชลบุรี^xความเป็นอยู่และประเพณี
651  7 ชลบุรี^xภูมิประเทศและการท่องเที่ยว
651  7 ชลบุรี^xโบราณสถาน
945    ^p95^l0^i015888
995    ทศพร
999 ^a ใช้งานได้ทุกระบบ
รายการนี้ยังไม่มีแท็ก
คุณยังไม่ได้ล็อกอิน คุณสามารถมีกิจกรรมร่วมกับเว็บไซต์ได้ แต่ต้องล็อกอินก่อน ::
  ล็อกอิน

รายการสื่อสารสนเทศ

ลำดับที่ ประเภท เลขเรียก/บาร์โค้ด สถานที่ สถานะ
- ไม่พบข้อมูล -

รายการใกล้เคียง
    ผู้แต่ง [กฤษกร วงศ์กรวุฒิ]

BibComment


ยังไม่เคยถูกคอมเมนท์

คอมเมนท์ทรัพยากรรายการนี้
  คอมเมนท์: ชลบุรี กฤษกร วงศ์..


 Copyright 2026. Bcnsprnw @Library